Journal of scientific and industrial studies (Record no. 38449)

MARC details
000 -LEADER
fixed length control field 00515nam a2200169Ia 4500
022 ## - INTERNATIONAL STANDARD SERIAL NUMBER
ISSN 11171693
050 ## - CALL MARK
Classification number T 177.N5 .J69/
245 #0 - TITLE STATEMENT
Title Journal of scientific and industrial studies
260 ## - PUBLICATION, DISTRIBUTION, ETC. (IMPRINT)
Place of publication Calabar, Cross River.
260 ## - PUBLICATION, DISTRIBUTION, ETC. (IMPRINT)
Name of publisher Duncan Science Publication
260 ## - PUBLICATION, DISTRIBUTION, ETC. (IMPRINT)
Year of publication 2007
300 ## - PHYSICAL DESCRIPTION
Number of Pages iii, 114 p. : ill. ; 29 cm.
650 ## - SUBJECT ADDED ENTRY--TOPICAL TERM
Topical Term Research, Industrial--Nigeria--Periodicals. Research, Industrial--Periodicals.
942 ## - ADDED ENTRY ELEMENTS (KOHA)
Koha item type Serials

No items available.